ISO 9000: The year 2000 and beyond

This book provides a detailed tour of the rigorous new ISO 9000: 2000 international standards, a focus on major changes in such areas as management responsibility, contract review, document control, pruchasing, process control, inspection and testing, and training, expanded guidance on such industry...

Disgrifiad llawn

Wedi'i Gadw mewn:
Manylion Llyfryddiaeth
Prif Awdur: Johnson, Perry L
Fformat: Llyfr
Iaith:Undetermined
Cyhoeddwyd: New York McGraw-Hill 2000
Pynciau:
Tagiau: Ychwanegu Tag
Dim Tagiau, Byddwch y cyntaf i dagio'r cofnod hwn!
Thư viện lưu trữ: Trung tâm Học liệu Trường Đại học Cần Thơ
LEADER 01164nam a2200205Ia 4500
001 CTU_42412
008 210402s9999 xx 000 0 und d
020 |b 749.000đ 
082 |a 658.4013 
082 |b J68 
100 |a Johnson, Perry L 
245 0 |a ISO 9000: The year 2000 and beyond 
245 0 |c Perry L Johnson 
260 |a New York 
260 |b McGraw-Hill 
260 |c 2000 
520 |a This book provides a detailed tour of the rigorous new ISO 9000: 2000 international standards, a focus on major changes in such areas as management responsibility, contract review, document control, pruchasing, process control, inspection and testing, and training, expanded guidance on such industry-specific ISO 9000 derivatives as QS-9000 and AS9100; a self-assessment test for elvaluating company's readiness for implementation and registration, a sample manual that models the requirements for that all-important document, a side-by-side comparison of the ISO 9000: 1994 and 2000 standards. 
650 |a managerial economics,quality control,total quality management 
904 |i Minh, 010723 
980 |a Trung tâm Học liệu Trường Đại học Cần Thơ